000 00444nam a2200169Ia 4500
008 180921t1989 xxu||||| |||| 00| 0 eng d
041 _aeng
080 _a5
_bLIF
100 _aLeopld, A. Starker
245 4 _aThe Desert
260 _bHong Kong
_c1989
300 _a192p., ill., 27 cm
650 _aDesert animal
_aShara
_aCreation of deserts
_aDesert in bloom
942 _cBK
999 _c17780
_d17780
003 LK-CoDNM
040 _aLK-CoDNM
_dLK-CoDNM
_eLK-CoDNM